Szczegóły MARC21

Verlustgeschichten : Peter Handkes Poetik der Erinnerung /

003 -Nazwa inst., której nr kontr. jest w polu 001 [,]
    • @
    • Nazwa instytucji, której n kontrolny jest w polu 001
    • NUKAT
005 -DATA I CZAS OSTATNIEJ MODYFIKACJI [,]
    • @
    • pole kontrolne
    • 20241231104842.0
020 -Międzynarod. znormalizowany nr książki - ISBN [ , ]
    • a
    • Numer ISBN
    • 3826014111 Find
040 -Instytucja sporządzająca opis [ , ]
    • a
    • Instytucja, która sporządziła opis (NP)
    • KR U/RSz
    • c
    • Instytucja, która sporządziła rekord (NP)
    • KR U/RSz
    • d
    • Instytucja, która zmodyfikowała rekord (P)
    • KR U/MM
    • d
    • Instytucja, która zmodyfikowała rekord (P)
    • KR U/JAKs
942 -Rodzaj dokumentu [ , ]
    • c
    • Rodzaj dokumentu
    • Książka
100 -Hasło główne - nazwa osobowa [1, ]
    • a
    • Nazwa osobowa (NP)
    • Michel, Volker
    • d
    • Daty biograficzne (NP)
    • (1965- ).
    • 9
    • KHW
    • 632232
245 -Strefa tytułu i oznaczenia odpowiedzialności [1,0]
    • a
    • Tytuł
    • Verlustgeschichten : Find
    • b
    • Ciąg dalszy tytułu (NP)
    • Peter Handkes Poetik der Erinnerung / Find
    • c
    • Pozostałe elementy strefy tytułu i oznaczenia odpowiedzialności (NP)
    • Volker Michel.
260 -Strefa adresu wydawniczego [ , ]
    • a
    • Miejsce wydania (P)
    • Würzburg :
    • b
    • Nazwa wydawcy (P)
    • Königshausen und Neumann,
    • c
    • Data wydania (P)
    • 1998.
300 -Strefa opisu fizycznego [ , ]
    • a
    • Określenie formy książki i/lub objętość (NP)
    • 233 s. ;
    • c
    • Format (NP)
    • 24 cm.
336 -Typ zawartości [ , ]
    • a
    • Termin opisujący typ zawartości
    • Tekst
    • b
    • Kod określający zawartość
    • txt
    • 2
    • Źródło (terminu i kodu)
    • rdacontent
337 -Typ mediów [ , ]
    • a
    • Tryb odtwarzania
    • Bez urządzenia pośredniczącego
    • b
    • Kod typu mediów
    • n
    • 2
    • Źródło (terminu i kodu)
    • rdamedia
338 -Typ/rodzaj nośnika [ , ]
    • a
    • Hasło opisujące typ nośnika
    • Wolumin
    • b
    • Kod typu nośnika
    • nc
    • 2
    • Źródło (terminu i kodu)
    • rdacarrier
490 -Strefa serii i książki wielotomowej - forma nie do wyszukiwania [1, ]
    • a
    • Tytuł (P)
    • Epistemata : Würzburger wissenschaftliche Schriften. Reihe Literaturwissenschaft ; Find
    • v
    • Numeracja (P)
    • Bd. 245
830 -Hasło dodatkowe serii i opisu książki wielotomowej - tytuł ujednolicony/tytuł [ ,0]
    • a
    • Tytuł ujednolicony/tytuł (NP)
    • Epistemata.
    • p
    • Nazwa części/podserii/sekcji (P)
    • Reihe Literaturwissenschaft
    • v
    • Oznaczenie tomu (NP)
    • Bd. 245
    • 9
    • KHW
    • 8754
502 -Uwaga dot. dysertacji [ , ]
    • a
    • Uwaga dot. dysertacji
    • Diss. univ., Heidelberg 1996.
504 -Uwaga dot. bibliogr. załącznikowej [ , ]
    • a
    • Uwaga dot. bibliografii załącznikowej
    • Bibliogr. s. 216-233.
080 -Uniwersalna Klasyfikacja Dziesiętna [ , ]
    • a
    • Symbol klasyfikacji
    • 830(436)(091)-2/-4"19"Handke P.=30
080 -Uniwersalna Klasyfikacja Dziesiętna [ , ]
    • a
    • Symbol klasyfikacji
    • :82.03=30
600 -Hasło przedmiotowe w formie nazwy osobowej [1,7]
    • a
    • Nazwa osobowa
    • Handke, Peter
    • d
    • Daty związane z nazwą
    • (1942- )
    • x
    • Określnik rzeczowy
    • estetyka.
    • 2
    • Źródło terminu
    • kaba
    • 9
    • KHW
    • 632414
600 -Hasło przedmiotowe w formie nazwy osobowej [1,7]
    • a
    • Nazwa osobowa
    • Handke, Peter
    • d
    • Daty związane z nazwą
    • (1942- )
    • x
    • Określnik rzeczowy
    • techniki.
    • 2
    • Źródło terminu
    • kaba
    • 9
    • KHW
    • 632415
980 -Symbol UKD [ , ]
    • a
    • UKD
    • 830(436)(091)-2/-4"19"Handke P.:82.03]=30
920 -ISBN [ , ]
    • a
    • ISBN
    • 3-8260-1411-1 Find
Lokalizacja Data inwentaryzacji Status udost. Numer inwentarzowy Sygnatura
BM2002-02-15-3G.16000Germ. Literaturozn. - Handke 04